00431nam a2200145 4500008001500000020001800015082002000033100001800053245005500071260003800126300003700164505001700201650002900218700003800247720.103 AW964s a9780415571920 a720.103bAW964s aAwan, Nishat  aSpatial Agency bOther ways of doing architecture  aEstados Unidos bRoutledge c2011 a224 p.bill (col)c24.5 x 19 cm  tIntroduction xarquitectura - sociedad  aSchneider, Tatjana; Till, Jeremy